Austrian State Capitals - Statistics

General Stats
  • This quiz has been taken 65 times
  • The average score is 8 of 9
Answer Stats
State Capital % Correct
Vienna Vienna
100%
Salzburg Salzburg
98%
Styria Graz
94%
Tyrol Innsbruck
94%
Upper Austria Linz
94%
Carinthia Klagenfurt
74%
Vorarlberg Bregenz
68%
Lower Austria Sankt Pölten
68%
Burgenland Eisenstadt
62%
No matching quizzes found
Score Distribution
Percent of People with Each Score
Percentile by Number Answered
Your Score History
You have not taken this quiz